Cipta idea baru : (Record no. 508)

000 -LEADER
fixed length control field nam a22 a 4500
003 - CONTROL NUMBER IDENTIFIER
control field AKMAL
005 - DATE AND TIME OF LATEST TRANSACTION
control field 20170504101048.0
008 - FIXED-LENGTH DATA ELEMENTS--GENERAL INFORMATION
fixed length control field 170504t2005 my a 000 0 may d
020 ## - INTERNATIONAL STANDARD BOOK NUMBER
International Standard Book Number 9831923154 (kkt.) :
Terms of availability RM22.50
039 #9 - LEVEL OF BIBLIOGRAPHIC CONTROL AND CODING DETAIL [OBSOLETE]
Level of rules in bibliographic description 201206041112
Level of effort used to assign nonsubject heading access points nurulhuda
Level of effort used to assign subject headings 200707171458
Level of effort used to assign classification norhidayah
Level of effort used to assign subject headings 200703151417
Level of effort used to assign classification norhidayah
Level of effort used to assign subject headings 200610040845
Level of effort used to assign classification fadilah
040 ## - CATALOGING SOURCE
Original cataloging agency AKMAL
Transcribing agency AKMAL
049 ## - LOCAL HOLDINGS (OCLC)
Holding library klpmal
082 04 - DEWEY DECIMAL CLASSIFICATION NUMBER
Classification number 153.42 MOH
Edition number 22
090 00 - LOCALLY ASSIGNED LC-TYPE CALL NUMBER (OCLC); LOCAL CALL NUMBER (RLIN)
Classification number (OCLC) (R) ; Classification number, CALL (RLIN) (NR) 153.42
Local cutter number (OCLC) ; Book number/undivided call number, CALL (RLIN) MOH
090 20 - LOCALLY ASSIGNED LC-TYPE CALL NUMBER (OCLC); LOCAL CALL NUMBER (RLIN)
Classification number (OCLC) (R) ; Classification number, CALL (RLIN) (NR) 153.42
Local cutter number (OCLC) ; Book number/undivided call number, CALL (RLIN) MOH
100 0# - MAIN ENTRY--PERSONAL NAME
Personal name Mohd. Azhar Abd. Hamid
9 (RLIN) 1041
245 1# - TITLE STATEMENT
Title Cipta idea baru :
Remainder of title teknik praktikal menghasilkan idea kreatif & inovatif /
Statement of responsibility, etc. Mohd. Azhar Abd. Hamid; Othman A. Kassim; Muhammed Fauzi Othman
260 ## - PUBLICATION, DISTRIBUTION, ETC.
Place of publication, distribution, etc. Bentong, Pahang :
Name of publisher, distributor, etc. PTS Publications & Distributors ,
Date of publication, distribution, etc. 2005
300 ## - PHYSICAL DESCRIPTION
Extent xi,224ms. :
Other physical details il. ;
Dimensions 23cm.
440 0# - SERIES STATEMENT/ADDED ENTRY--TITLE
Title Siri kemahiran berfikir
9 (RLIN) 1143
504 ## - BIBLIOGRAPHY, ETC. NOTE
Bibliography, etc. note Bibliografi: ms. 219
650 ## - SUBJECT ADDED ENTRY--TOPICAL TERM
Topical term or geographic name entry element Thought and thinking
General subdivision Technique
9 (RLIN) 1144
650 ## - SUBJECT ADDED ENTRY--TOPICAL TERM
Topical term or geographic name entry element Creative thinking
General subdivision Technique
9 (RLIN) 1145
650 ## - SUBJECT ADDED ENTRY--TOPICAL TERM
Topical term or geographic name entry element Brainstorming
General subdivision Technique
9 (RLIN) 1146
700 ## - ADDED ENTRY--PERSONAL NAME
Personal name Othman A. Kassim
9 (RLIN) 1147
700 ## - ADDED ENTRY--PERSONAL NAME
Personal name Muhammed Fauzi Othman
9 (RLIN) 1148
856 41 - ELECTRONIC LOCATION AND ACCESS
Uniform Resource Identifier <a href="ftp://tag856.pnm.gov.my/tag856/buku/9831923154.pdf">ftp://tag856.pnm.gov.my/tag856/buku/9831923154.pdf</a>
Link text Electronic Resource
942 ## - ADDED ENTRY ELEMENTS (KOHA)
Source of classification or shelving scheme
Koha item type Book
Holdings
Withdrawn status Lost status Source of classification or shelving scheme Damaged status Not for loan Collection code Home library Current library Date acquired Inventory number Total Checkouts Full call number Barcode Date last seen Price effective from Koha item type
          NON-FICTION AKMAL Melaka AKMAL Melaka 04.05.2017 100488   153.42 MOH 201701378 04.05.2017 04.05.2017 Book
Pusat Sumber Maklumat Dato' Haji Sarmin Md Hussin, Akademi Kastam Diraja Malaysia, Melaka
Tel: 06-2331106 | Faks: 06-2313787